000 00576nam a2200145Ia 4500
008 100204s9999 xx 000 0 und d
082 _b10243
100 _aदेवळे शं. रा.
245 _aथोरांच्या नवलकथा भाग -7
260 _b"अनाथ विद्यार्थी गृह प्रकाशन, पुणे"
_c1967
300 _a32
630 _aथोरांच्या नवलकथा भाग -7
730 _aथोरांच्या नवलकथा भाग -7
942 _cBOOK
999 _c454679
_d454676